Última palabra en canciones de Charly Garcia - Estadísticas

Estadísticas generales
  • Esta prueba ha sido intentada 39 veces
  • La puntuación promedio es 15 de 17
Estadísticas de respuestas
Hint Respuesta % Correcto
Chipi Chipi
100%
Nos siguen pegando Abajo
97%
Rap de las Hormigas
97%
Inconsciente Colectivo
93%
Hablando a tu Corazón
93%
La maquina de ser Feliz
93%
Demoliendo Hoteles
93%
Tuve tu Amor
90%
Promesas sobre el Bidet
90%
Buscando un símbolo de Paz
90%
Raros peinados Nuevos
86%
La sal no Sala
83%
Adela en el Carrousel
79%
Reloj de Plastilina
79%
Rap del Exilio
69%
La ruta del Tentempié
69%
Ella es tan Kubrick
59%
No se encontraron pruebas coincidentes
Distribución de puntuación
Porcentaje de gente con cada puntuación
Porcentaje por número respondido
Historial de tus puntuaciones
No has intentado esta prueba.